01450 2200217 4500001002100000005001500021035002000036007000300056008004100059020001800100082001000118084001600128100001300144245004400157250001100201260003100212300004000243500090000283600002401183990002501207INLIS00000000000088320220929105511 a0010-0922000120ta220929 c 1 ind  a979-22-0468-7 a839.7 a839.7 LIN m1 aLindgren1 aMADICKEN DAN LISABET /cAstrid Lindgren aCet. 3 aJakarta :bGramedia,c2003 a256 hlm :bTerdapat Gambar ;c20 cm aHanya keluarga Madicken dan Lisabet-lah yang bisa merayakan ulang tahun Mama di atas pohon, dengan ditunggui serombongan sapi jantan galak di bawahnya. Dan hanya Madicken-lah yang cukup gila-gilaan mau menerima tantangan Mia untuk berjalan sepanjang atap sekolah, padahal Kepala Sekolah sedang mendengkur tepat di bawahnya! Dan siapa lagi kalau bukan Madicken yang berhasil membebaskan adik bayinya dari tangan penculik dengan jalan menukarnya dengan anak kucing? Selain Abbe, sahabat lama mereka yang ahli membuat kue manis, Madita dan Lisabet sekarang punya sahabat baru. Mia dan Mattis, yang dulunya musuh besar mereka, berubah menjadi sahabat ketika mereka berdua ikut acara pembasmian kutu di Junibacken! Ada kejutan dan kesedihan yang harus dihadapi Madicken ketika dia melewatkan satu tahun lagi di rumah merahnya di tepi sungai, tetapi banyak juga hal menyenangkan yang dialaminya. 4aKesusastraan Swedia a01654/PSMUH/Hib/2022